Loading...
| 1 | 20.00 | 100% | 100% | 0% | |
| Fine Arts - Auditory Fine Arts | 9 | 15.56 | 100% | 56% | 0% |
| Fine Arts - Other Fine Arts | 7 | 12.86 | 86% | 29% | 14% |
| Fine Arts - Visual Fine Arts | 6 | 11.67 | 100% | 17% | 0% |
| Geography | 2 | 15.00 | 100% | 0% | 50% |
| History - American History | 6 | 10.00 | 100% | 0% | 0% |
| History - European History | 6 | 13.33 | 83% | 33% | 17% |
| History - Other History | 4 | 15.00 | 75% | 50% | 25% |
| History - World History | 6 | 13.33 | 83% | 17% | 33% |
| Literature - American Literature | 3 | 13.33 | 100% | 33% | 0% |
| Literature - British Literature | 4 | 17.50 | 100% | 75% | 0% |
| Literature - European Literature | 7 | 15.71 | 100% | 57% | 0% |
| Literature - World Literature | 9 | 13.33 | 89% | 33% | 11% |
| Mythology | 6 | 10.00 | 100% | 0% | 0% |
| Other Academic | 1 | 30.00 | 100% | 100% | 100% |
| Philosophy | 8 | 18.75 | 100% | 88% | 0% |
| Pop Culture | 2 | 15.00 | 100% | 50% | 0% |
| Religion | 8 | 17.50 | 100% | 50% | 25% |
| Science - Biology | 7 | 17.14 | 86% | 57% | 29% |
| Science - Chemistry | 6 | 18.33 | 83% | 83% | 17% |
| Science - Other Science | 5 | 24.00 | 100% | 80% | 60% |
| Science - Physics | 4 | 20.00 | 100% | 75% | 25% |
| Social Science | 6 | 18.33 | 100% | 50% | 33% |